Państwa, które są na więcej niż jednym kontynencie - Statystyki

Ogólne statystyki
  • Ten quiz został rozwiązany 112 razy
  • Średni wynik to 10 z 17
Statystyki odpowiedzi
Odpowiedź % Poprawnych
Rosja
100%
Turcja
98%
Francja
80%
USA
77%
Hiszpania
74%
Wielka Brytania
74%
Egipt
69%
Indonezja
59%
Australia
57%
Kazachstan
57%
Panama
50%
Norwegia
45%
Nowa Zelandia
45%
Argentyna
43%
Chile
36%
Jemen
18%
Niderlandy
14%
Nie znaleziono quizów pasujących do podanych kryteriów
Rozkład punktacji
Procent ludzi z każdym wynikiem
Percentyl według liczby udzielonych odpowiedzi
Twoja historia wyników
Nie rozwiązałeś tego quizu